Computers : (Record no. 2334)
[ view plain ]
| 000 -LEADER | |
|---|---|
| fixed length control field | 00788cam a22002532 4500 |
| 001 - CONTROL NUMBER | |
| control field | 0000003957 |
| 005 - DATE AND TIME OF LATEST TRANSACTION | |
| control field | 20151217145746.0 |
| 008 - FIXED-LENGTH DATA ELEMENTS--GENERAL INFORMATION | |
| fixed length control field | 070517s xx 000 0 eng d |
| 020 ## - INTERNATIONAL STANDARD BOOK NUMBER | |
| International Standard Book Number | 013009479X : |
| Terms of availability | KES 4,470 |
| 040 ## - CATALOGING SOURCE | |
| Original cataloging agency | KABU |
| Transcribing agency | KABU |
| 050 #0 - LIBRARY OF CONGRESS CALL NUMBER | |
| Classification number | QA76 |
| Item number | .L576 2002 |
| 100 1# - MAIN ENTRY--PERSONAL NAME | |
| Personal name | Long, Larry E. |
| -- | 0000154229 |
| 245 10 - TITLE STATEMENT | |
| Title | Computers : |
| Remainder of title | information technology in perspective / |
| Statement of responsibility, etc. | Larry Long, Nancy Long. |
| 250 ## - EDITION STATEMENT | |
| Edition statement | 10th ed. |
| 260 ## - PUBLICATION, DISTRIBUTION, ETC. (IMPRINT) | |
| Place of publication, distribution, etc. | Upper Saddle River, NJ : |
| Name of publisher, distributor, etc. | Prentice Hall, |
| Date of publication, distribution, etc. | c2002. |
| 300 ## - PHYSICAL DESCRIPTION | |
| Extent | 495 p. ; |
| Dimensions | 28 cm. |
| 500 ## - GENERAL NOTE | |
| General note | Includes index. |
| 650 #0 - SUBJECT ADDED ENTRY--TOPICAL TERM | |
| Topical term or geographic name as entry element | Computers. |
| -- | 0000153924 |
| 650 #0 - SUBJECT ADDED ENTRY--TOPICAL TERM | |
| Topical term or geographic name as entry element | Electronic data processing. |
| -- | 0000014348 |
| 700 1# - ADDED ENTRY--PERSONAL NAME | |
| Personal name | Long, Nancy. |
| -- | 0000154230 |
| 908 ## - PUT COMMAND PARAMETER (RLIN) | |
| Put command parameter | 070517 |
| 950 ## - LOCAL HOLDINGS (RLIN) | |
| -- | 1 |
| Withdrawn status | Lost status | Source of classification or shelving scheme | Not for loan | Home library | Current library | Date acquired | Total Checkouts | Full call number | Barcode | Date last seen | Date last checked out | Price effective from | Koha item type |
|---|---|---|---|---|---|---|---|---|---|---|---|---|---|
| Library of Congress Classification | Kabarak, Main Campus | Kabarak, Main Campus | 17/12/2015 | 3 | QA76 .L576 2002 | 004703 | 09/11/2019 | 29/10/2019 | 17/12/2015 | General Collection | |||
| Library of Congress Classification | Kabarak, Main Campus | Kabarak, Main Campus | 17/12/2015 | 2 | QA76 .L576 2002 | 004704 | 05/12/2022 | 04/12/2022 | 17/12/2015 | General Collection |